Notas de algebra I
Uloženo v:
| Hlavní autor: | |
|---|---|
| Médium: | Kniha |
| Jazyk: | španělština |
| Vydáno: |
Buenos Aires
EUDEBA
1976
|
| Vydání: | 2a. ed |
| Edice: | Ediciones Previas
|
| Témata: | |
| Tagy: |
Přidat tag
Žádné tagy, Buďte první, kdo vytvoří štítek k tomuto záznamu!
|
MARC
| LEADER | 00000nam a2200000 a 4500 | ||
|---|---|---|---|
| 001 | UCW1086 | ||
| 003 | CL-VaPUC | ||
| 008 | 910426e19760000AG |||||||||||||||||spa|d | ||
| 082 | 0 | 4 | |a 512 |b GEN |2 21 |
| 100 | |a Gentile, Enzo R |e author |9 422291 | ||
| 245 | 1 | 0 | |a Notas de algebra I |
| 250 | |a 2a. ed | ||
| 300 | |a 647 p | ||
| 942 | |c BK | ||
| 945 | |d 19910426 00:00:00 | ||
| 260 | |a Buenos Aires |b EUDEBA |c 1976 | ||
| 650 | 0 | |a Álgebra |9 259567 | |
| 583 | |a last modification |c 19910426 00:00:00 |k Rodrigo Vera | ||
| 490 | 0 | |a Ediciones Previas | |
| 999 | |c 216052 |d 216050 | ||
| 952 | |0 0 |1 0 |4 0 |6 512_000000000000000_GEN_1976 |7 0 |8 A |9 201457 |a BIBMAT |b BIBMAT |d 2019-11-14 |i 2686899 |o 512 GEN 1976 |p 2686899 |r 2025-01-07 |w 2019-11-14 |y BK |k MAT | ||